<?xml version="1.0" encoding="UTF-8"?>
<collection xmlns="http://www.loc.gov/MARC21/slim">
<record>
  <controlfield tag="001">220</controlfield>
  <controlfield tag="005">20160222141713.0</controlfield>
  <datafield tag="037" ind1=" " ind2=" ">
    <subfield code="a">SIDCimport-240</subfield>
  </datafield>
  <datafield tag="100" ind1=" " ind2=" ">
    <subfield code="a">Podladchikova, O.</subfield>
  </datafield>
  <datafield tag="260" ind1=" " ind2=" ">
    <subfield code="c">2006</subfield>
  </datafield>
  <datafield tag="245" ind1=" " ind2=" ">
    <subfield code="a">Lattice models for solar flares and coronal heating</subfield>
  </datafield>
  <datafield tag="700" ind1=" " ind2=" ">
    <subfield code="a">Lefebvre, B.</subfield>
  </datafield>
  <datafield tag="773" ind1=" " ind2=" ">
    <subfield code="t">Solar Activity and its Magnetic Origin, Cambridge University Press</subfield>
    <subfield code="b">V. Botmer (ed.)</subfield>
    <subfield code="c">481-- 488</subfield>
  </datafield>
  <datafield tag="856" ind1="4" ind2=" ">
    <subfield code="s">117677</subfield>
    <subfield code="u">http://publi2-as.oma.be/record/220/files/PodladchikovaLefebvre-06-IAU.pdf</subfield>
  </datafield>
  <datafield tag="980" ind1=" " ind2=" ">
    <subfield code="a">BOOKSECT</subfield>
  </datafield>
</record>
</collection>